Chu dịch

Tác giả giải trình những quẻ trong Kinh Dịch. Xuất bản lần này 2 tập sách được in chung thành 1 cuốn

Сохранить в:
Библиографические подробности
Главный автор: Phan Bội Châu
Формат:
Язык:Undetermined
Опубликовано: Hà Nội VHTT 1996
Предметы:
Метки: Добавить метку
Нет меток, Требуется 1-ая метка записи!
Thư viện lưu trữ: Trung tâm Học liệu Trường Đại học Cần Thơ
LEADER 00599nam a2200181Ia 4500
001 CTU_4418
008 210402s9999 xx 000 0 und d
082 |a 181.11 
082 |b Ch125/ 
100 |a Phan Bội Châu 
245 0 |a Chu dịch 
245 0 |c Phan Bội Châu 
260 |a Hà Nội 
260 |b VHTT 
260 |c 1996 
520 |a Tác giả giải trình những quẻ trong Kinh Dịch. Xuất bản lần này 2 tập sách được in chung thành 1 cuốn 
650 |a philosophy, chinese 
980 |a Trung tâm Học liệu Trường Đại học Cần Thơ